[Event "Ruhrgebiet Verbandsliga Gruppe 1 1819"]
[Site "Nordrheinwestfalen"]
[Date "2019.02.03"]
[Round "6.7"]
[White "Metzner, Carsten"]
[Black "Butschek, Gerhard"]
[Result "1/2-1/2"]
[WhiteElo "1831"]
[BlackElo "1680"]
[PlyCount "28"]
[EventDate "2018.09.23"]
[EventType "team-tourn"]
[EventRounds "9"]
[EventCountry "GER"]
[SourceTitle "EXT 2022"]
[Source "ChessBase"]
[SourceDate "2021.10.06"]
[SourceVersion "1"]
[SourceVersionDate "2021.10.06"]
[SourceQuality "1"]
[WhiteTeam "Altenessen"]
[BlackTeam "Bochum SG III"]
[WhiteTeamCountry "GER"]
[BlackTeamCountry "GER"]

1. d4 b6 2. c4 Bb7 3. Nc3 Nf6 4. f3 e6 5. a3 d5 6. Bg5 Be7 7. Bxf6 Bxf6 8. e3 Bh4+ 9. g3 Bf6 10. cxd5 Bxd5 11. Nxd5 Qxd5 12. Bg2 0-0 13. Ne2 Nd7 14. 0-0 Rad8 1/2-1/2

[Event "Ruhrgebiet Verbandsliga Gruppe 1 1819"]
[Site "Nordrheinwestfalen"]
[Date "2018.10.07"]
[Round "2.7"]
[White "Metzner, Carsten"]
[Black "Artz, Klaus"]
[Result "1/2-1/2"]
[WhiteElo "1831"]
[BlackElo "1854"]
[PlyCount "47"]
[EventDate "2018.09.23"]
[EventType "team-tourn"]
[EventRounds "9"]
[EventCountry "GER"]
[SourceTitle "EXT 2022"]
[Source "ChessBase"]
[SourceDate "2021.10.06"]
[SourceVersion "1"]
[SourceVersionDate "2021.10.06"]
[SourceQuality "1"]
[WhiteTeam "Altenessen"]
[BlackTeam "Bochum-Linden"]
[WhiteTeamCountry "GER"]
[BlackTeamCountry "GER"]

1. d4 d5 2. Nf3 e6 3. Bf4 Bd6 4. Bxd6 cxd6 5. e3 Bd7 6. c4 dxc4 7. Bxc4 b5 8. Bb3 Nf6 9. 0-0 a5 10. a3 Bc6 11. Nbd2 0-0 12. Rc1 Qb6 13. Re1 Qb7 14. Bc2 Nbd7 15. e4 Qb8 16. e5 Bxf3 17. Nxf3 dxe5 18. dxe5 Nd5 19. Bxh7+ Kxh7 20. Ng5+ Kg6 21. Qg4 N7f6 22. Qg3 Nh5 23. Qg4 Nhf6 24. Qg3 1/2-1/2

[Event "Split op 8th"]
[Site "Split"]
[Date "2018.08.13"]
[Round "3"]
[White "Armanda, Ivica"]
[Black "Metzner, Carsten"]
[Result "1-0"]
[WhiteElo "2294"]
[BlackElo "1932"]
[PlyCount "93"]
[EventDate "2018.08.12"]
[EventType "swiss"]
[EventRounds "9"]
[EventCountry "CRO"]
[SourceTitle "CBM 186 Extra"]
[Source "ChessBase"]
[SourceDate "2018.08.24"]
[SourceVersion "1"]
[SourceVersionDate "2018.08.24"]
[SourceQuality "1"]

1. e4 e5 2. Nf3 Nf6 3. Nxe5 d6 4. Nf3 Nxe4 5. d4 d5 6. Bd3 Be7 7. Nc3 Nxc3 8. bxc3 0-0 9. 0-0 c5 10. dxc5 Bxc5 11. Rb1 g6 12. Bh6 Re8 13. Qd2 Nc6 14. Bg5 Be7 15. Rfe1 Bxg5 16. Rxe8+ Qxe8 17. Qxg5 Qd8 18. Qf4 b6 19. Re1 Bb7 20. h4 Qd7 21. Qh6 Re8 22. Rxe8+ Qxe8 23. Ng5 Qe1+ 24. Bf1 Ne5 25. Qxh7+ Kf8 26. Qh8+ Ke7 27. Qb8 Bc6 28. Qxa7+ Kf8 29. Qxb6 Kg7 30. Qe3 Qxe3 31. fxe3 Ng4 32. Nf3 Nxe3 33. Nd4 Ba4 34. Bd3 Kf6 35. Bb5 Bxb5 36. Nxb5 Nxc2 37. a4 Ne3 38. a5 Nc4 39. a6 Nb6 40. Nc7 Ke5 41. a7 Kd6 42. a8Q Nxa8 43. Nxa8 Kc6 44. g4 Kb7 45. h5 gxh5 46. gxh5 Kxa8 47. h6 1-0

[Event "Ruhrgebiet Verbandsliga Gruppe 2 1718"]
[Site "Germany"]
[Date "2018.03.18"]
[Round "8.6"]
[White "Metzner, Carsten"]
[Black "Melmer, Felix"]
[Result "1/2-1/2"]
[WhiteElo "1787"]
[BlackElo "1867"]
[PlyCount "87"]
[EventDate "2017.09.17"]
[EventType "team-tourn"]
[EventRounds "9"]
[EventCountry "GER"]
[SourceTitle "EXT 2022"]
[Source "ChessBase"]
[SourceDate "2021.10.06"]
[SourceVersion "1"]
[SourceVersionDate "2021.10.06"]
[SourceQuality "1"]
[WhiteTeam "Altenessen"]
[BlackTeam "Gerthe Werne"]
[WhiteTeamCountry "GER"]
[BlackTeamCountry "GER"]

1. d4 f5 2. c4 Nf6 3. Nc3 e6 4. Nf3 d5 5. Bf4 c6 6. a3 Bd6 7. Bxd6 Qxd6 8. e3 Nbd7 9. Be2 0-0 10. g3 Ne4 11. h4 Ndf6 12. Ne5 Bd7 13. 0-0 Be8 14. Rc1 Nd7 15. Nxe4 fxe4 16. c5 Qc7 17. Nxd7 Bxd7 18. Bg4 Rae8 19. Kg2 e5 20. Bxd7 Qxd7 21. Rc2 exd4 22. Qxd4 Rf3 23. b4 a6 24. a4 Qf5 25. b5 axb5 26. axb5 Rf8 27. Qa4 Rxe3 28. bxc6 Qf3+ 29. Kh2 Ra3 30. Qb5 bxc6 31. Qxc6 e3 32. Qe6+ Kh8 33. c6 exf2 34. Qh3 Rc3 35. Rcxf2 Qxf2+ 36. Rxf2 Rxf2+ 37. Kg1 Rf8 38. Qd7 Rxg3+ 39. Kh2 Ra3 40. Qxd5 h6 41. c7 Raa8 42. Kg3 Rac8 43. Qd7 Rce8 44. Qd6 1/2-1/2

[Event "Ruhrgebiet Verbandsliga Gruppe 2 1718"]
[Site "Germany"]
[Date "2017.09.17"]
[Round "1.7"]
[White "Krieglstein, Marcel"]
[Black "Metzner, Carsten"]
[Result "1/2-1/2"]
[WhiteElo "1829"]
[BlackElo "1787"]
[PlyCount "63"]
[EventDate "2017.09.17"]
[EventType "team-tourn"]
[EventRounds "9"]
[EventCountry "GER"]
[SourceTitle "EXT 2022"]
[Source "ChessBase"]
[SourceDate "2021.10.06"]
[SourceVersion "1"]
[SourceVersionDate "2021.10.06"]
[SourceQuality "1"]
[WhiteTeam "Holsterhausen SK"]
[BlackTeam "Altenessen"]
[WhiteTeamCountry "GER"]
[BlackTeamCountry "GER"]

1. d4 Nf6 2. c4 c6 3. Nc3 d5 4. Nf3 e6 5. Bg5 h6 6. Bh4 Be7 7. e3 Ne4 8. Bxe7 Nxc3 9. Bxd8 Nxd1 10. Rxd1 Kxd8 11. Be2 dxc4 12. Bxc4 Ke7 13. 0-0 Nd7 14. b4 Rd8 15. e4 Nb6 16. Bb3 a5 17. bxa5 Rxa5 18. Rc1 Bd7 19. Rc2 Rc8 20. Rfc1 Kd8 21. h3 Na8 22. Ne5 Be8 23. Nc4 Ra6 24. Nd6 Rc7 25. Nxe8 Kxe8 26. d5 Ke7 27. f4 exd5 28. exd5 Kd6 29. dxc6 Raxc6 30. Rxc6+ bxc6 31. Kf2 Nb6 32. Kf3 1/2-1/2

[Event "Ruhrgebiet Verbandsliga Gruppe 2 1415"]
[Site "Germany"]
[Date "2015.02.08"]
[Round "6.7"]
[White "Metzner, Carsten"]
[Black "Kremer, Moritz"]
[Result "0-1"]
[WhiteElo "1835"]
[BlackElo "1694"]
[PlyCount "100"]
[EventDate "2014.09.21"]
[EventType "team-tourn"]
[EventRounds "9"]
[EventCountry "GER"]
[SourceTitle "EXT 2022"]
[Source "ChessBase"]
[SourceDate "2021.10.06"]
[SourceVersion "1"]
[SourceVersionDate "2021.10.06"]
[SourceQuality "1"]
[WhiteTeam "Altenessen"]
[BlackTeam "Muelheim Nord IV"]
[WhiteTeamCountry "GER"]
[BlackTeamCountry "GER"]

1. d4 d5 2. c4 c6 3. Nc3 Nf6 4. c5 Bf5 5. e3 Nbd7 6. Bd3 Bxd3 7. Qxd3 g6 8. b4 Bg7 9. Nge2 e5 10. a4 0-0 11. b5 Re8 12. 0-0 e4 13. Qc2 Nh5 14. a5 a6 15. bxc6 bxc6 16. Bd2 Nf8 17. Rfb1 Ne6 18. Rb6 Qd7 19. Rab1 Rec8 20. Na2 Bf6 21. Nec3 Bd8 22. Na4 Bc7 23. Rb7 Rab8 24. Nb6 Bxh2+ 25. Kh1 Qxb7 26. Kxh2 Nf6 27. Nc3 Qc7+ 28. g3 Re8 29. Kg2 h5 30. Rh1 Ng4 31. Qd1 Qe7 32. Ncxd5 cxd5 33. Nxd5 Qg5 34. Nb6 Qf5 35. Qe2 Nc7 36. Bc3 Nd5 37. Ba1 Re6 38. Nc4 Rf6 39. Rf1 Rb4 40. Nd6 Ngxe3+ 41. Kg1 Qh3 42. fxe3 Qxf1+ 43. Qxf1 Rxf1+ 44. Kxf1 Rb1+ 45. Ke2 Rxa1 46. Nxe4 Rxa5 47. Nd2 f5 48. e4 Nc3+ 49. Kd3 Nxe4 50. Nc4 Nxc5+ 0-1

[Event "NRW Verbandsklasse Group1 1314"]
[Site "Nordrheinwestfalen"]
[Date "2014.04.06"]
[Round "9"]
[White "Metzner, Carsten"]
[Black "Kuckelkorn, Joerg"]
[Result "1/2-1/2"]
[WhiteElo "1795"]
[BlackElo "1794"]
[PlyCount "23"]
[EventDate "2013.09.08"]
[EventType "team-tourn"]
[EventRounds "9"]
[EventCountry "GER"]
[SourceTitle "EXT 2020"]
[Source "ChessBase"]
[SourceDate "2019.10.17"]
[SourceVersion "1"]
[SourceVersionDate "2019.10.17"]
[SourceQuality "1"]
[WhiteTeam "Altenessen"]
[BlackTeam "Oberhausen SW"]
[WhiteTeamCountry "GER"]
[BlackTeamCountry "GER"]

1. d4 f5 2. e4 fxe4 3. Nc3 Nf6 4. Bg5 Nc6 5. Bxf6 exf6 6. Nxe4 d5 7. Nc5 Bxc5 8. dxc5 0-0 9. Qh5 Qe8+ 10. Qxe8 Rxe8+ 11. Kd2 Bf5 12. Bd3 1/2-1/2

[Event "NRW Verbandsklasse Group1 1314"]
[Site "Nordrheinwestfalen"]
[Date "2014.03.09"]
[Round "8"]
[White "Poeter, Manfred"]
[Black "Metzner, Carsten"]
[Result "1-0"]
[WhiteElo "1641"]
[BlackElo "1795"]
[PlyCount "105"]
[EventDate "2013.09.08"]
[EventType "team-tourn"]
[EventRounds "9"]
[EventCountry "GER"]
[SourceTitle "EXT 2020"]
[Source "ChessBase"]
[SourceDate "2019.10.17"]
[SourceVersion "1"]
[SourceVersionDate "2019.10.17"]
[SourceQuality "1"]
[WhiteTeam "Koenigsspringer Haltern"]
[BlackTeam "Altenessen"]
[WhiteTeamCountry "GER"]
[BlackTeamCountry "GER"]

1. e4 c5 2. Nf3 d6 3. d4 cxd4 4. Nxd4 a6 5. Nc3 e6 6. Be2 Nf6 7. Be3 b5 8. a3 Bb7 9. f3 Nbd7 10. Qd2 Be7 11. 0-0-0 d5 12. exd5 Nxd5 13. Nxd5 Bxd5 14. Nf5 Bf6 15. Nd6+ Kf8 16. Ne4 Be7 17. Nc3 Nf6 18. Bg5 Qa5 19. Nxd5 Qxd2+ 20. Rxd2 Nxd5 21. Bxe7+ Kxe7 22. Bd3 f5 23. Bxf5 Rad8 24. Be4 Ne3 25. Re2 Nc4 26. Bd3 Nb6 27. Rhe1 Rd6 28. Bf5 Kf7 29. Rxe6 Rxe6 30. Rxe6 Rb8 31. Rc6 g6 32. Bd3 Rb7 33. b3 Nd7 34. Rxa6 Nc5 35. Rc6 Nd7 36. c4 Ne5 37. Rd6 bxc4 38. Bxc4+ Nxc4 39. bxc4 Rb3 40. Rd7+ Kf6 41. Rxh7 Rxa3 42. Kb2 Re3 43. g3 Rxf3 44. c5 Rf5 45. c6 Rb5+ 46. Ka3 Rc5 47. c7 g5 48. h4 Kg6 49. Rd7 gxh4 50. gxh4 Kh5 51. Rd5+ Rxd5 52. c8Q Kxh4 53. Qc4+ 1-0

[Event "NRW Verbandsklasse Group1 1314"]
[Site "Nordrheinwestfalen"]
[Date "2014.01.26"]
[Round "6"]
[White "Beierlein, Martin"]
[Black "Metzner, Carsten"]
[Result "0-1"]
[WhiteElo "1848"]
[BlackElo "1795"]
[PlyCount "89"]
[EventDate "2013.09.08"]
[EventType "team-tourn"]
[EventRounds "9"]
[EventCountry "GER"]
[SourceTitle "EXT 2020"]
[Source "ChessBase"]
[SourceDate "2019.10.17"]
[SourceVersion "1"]
[SourceVersionDate "2019.10.17"]
[SourceQuality "1"]
[WhiteTeam "Oberhausen SV III"]
[BlackTeam "Altenessen"]
[WhiteTeamCountry "GER"]
[BlackTeamCountry "GER"]

1. d4 Nf6 2. g3 e6 3. Bg2 d5 4. Nf3 c5 5. e3 Nc6 6. 0-0 Qc7 7. c4 cxd4 8. exd4 dxc4 9. Nc3 Bb4 10. Bf4 Qa5 11. Nd2 Qa6 12. Nde4 Nxe4 13. Bxe4 0-0 14. Be5 f5 15. Bxc6 Qxc6 16. d5 Qd7 17. Qd4 Bxc3 18. Qxc3 exd5 19. Rad1 Qf7 20. Rd4 Bd7 21. Rfd1 Bc6 22. Qf3 Rfe8 23. Re1 Re6 24. Qe2 Rxe5 25. Qd2 Rxe1+ 26. Qxe1 Re8 27. Qd2 Re4 28. f3 Rxd4 29. Qxd4 a6 30. Qe5 h6 31. Qb8+ Kh7 32. Qf4 Qf6 33. h4 d4 34. Kf2 d3 35. Ke3 b5 36. b3 h5 37. bxc4 Qh6 38. Qxh6+ Kxh6 39. Kxd3 Bxf3 40. cxb5 axb5 41. a3 Kg6 42. Ke3 Bg4 43. Kd4 Kf6 44. Kc5 f4 45. gxf4 0-1

[Event "Ruhrgebiet VK1 1213"]
[Site "Nordrheinwestfalen"]
[Date "2012.09.30"]
[Round "2"]
[White "Kunkel, Wolfgang"]
[Black "Metzner, Carsten"]
[Result "1-0"]
[WhiteElo "1799"]
[BlackElo "1775"]
[PlyCount "39"]
[EventDate "2012.09.02"]
[EventType "team-tourn"]
[EventRounds "9"]
[EventCountry "GER"]
[SourceTitle "EXT 2020"]
[Source "ChessBase"]
[SourceDate "2019.10.17"]
[SourceVersion "1"]
[SourceVersionDate "2019.10.17"]
[SourceQuality "1"]
[WhiteTeam "Buer Hassel"]
[BlackTeam "Altenessen"]
[WhiteTeamCountry "GER"]
[BlackTeamCountry "GER"]

1. c4 e6 2. d4 c5 3. Nf3 cxd4 4. Nxd4 a6 5. Nc3 Nf6 6. Bg5 Be7 7. e3 h6 8. Bh4 0-0 9. Bd3 d5 10. cxd5 Nxd5 11. Bxe7 Nxe7 12. 0-0 Nec6 13. Nxc6 Nxc6 14. Qe2 b5 15. Rfd1 Qe7 16. Rac1 Bb7 17. Ne4 Nb4 18. Bb1 Nxa2 19. Qc2 Nxc1 20. Nf6+ 1-0

[Event "Ruhrgebiet VK1 1213"]
[Site "Nordrheinwestfalen"]
[Date "2012.09.02"]
[Round "1.7"]
[White "Metzner, Carsten"]
[Black "Reiter, Brigitte"]
[Result "1-0"]
[WhiteElo "1775"]
[BlackElo "1725"]
[PlyCount "53"]
[EventDate "2012.09.02"]
[EventType "team-tourn"]
[EventRounds "9"]
[EventCountry "GER"]
[SourceTitle "EXT 2020"]
[Source "ChessBase"]
[SourceDate "2019.10.17"]
[SourceVersion "1"]
[SourceVersionDate "2019.10.17"]
[SourceQuality "1"]
[WhiteTeam "Altenessen"]
[BlackTeam "Muelheim Nord IV"]
[WhiteTeamCountry "GER"]
[BlackTeamCountry "GER"]

1. Nf3 c6 2. b3 d5 3. Bb2 Bf5 4. e3 Nd7 5. c4 e6 6. cxd5 exd5 7. Be2 Ngf6 8. 0-0 Bd6 9. Nh4 Bg6 10. Nxg6 hxg6 11. g3 Qe7 12. d3 0-0-0 13. Nd2 Rh6 14. Re1 Rdh8 15. Nf1 Qe6 16. Bf3 Ne5 17. Bxe5 Bxe5 18. Rc1 Kb8 19. b4 g5 20. a4 Nh5 21. b5 cxb5 22. Rc5 f5 23. Rxd5 Bc3 24. Rxb5 Bxe1 25. Rxb7+ Kc8 26. Qc2+ Kd8 27. Qc7+ 1-0

[Event "Ruhrgebiet VK2 1112"]
[Site "Nordrheinwestfalen"]
[Date "2011.11.13"]
[Round "3.6"]
[White "Delling, Juergen"]
[Black "Metzner, Carsten"]
[Result "0-1"]
[WhiteElo "1629"]
[BlackElo "1781"]
[PlyCount "44"]
[EventDate "2012.09.18"]
[EventType "team-tourn"]
[EventRounds "9"]
[EventCountry "GER"]
[SourceTitle "EXT 2020"]
[Source "ChessBase"]
[SourceDate "2019.10.17"]
[SourceVersion "1"]
[SourceVersionDate "2019.10.17"]
[SourceQuality "1"]
[WhiteTeam "Recklinghausen Laeufer Ost II"]
[BlackTeam "Altenessen"]
[WhiteTeamCountry "GER"]
[BlackTeamCountry "GER"]

1. d4 d5 2. Nf3 e6 3. c4 Nf6 4. Nc3 c6 5. cxd5 Nxd5 6. e4 Nxc3 7. bxc3 b5 8. Bd2 Bb7 9. Bd3 a6 10. Qe2 g6 11. 0-0 Nd7 12. a4 Bg7 13. axb5 axb5 14. e5 0-0 15. c4 c5 16. cxb5 cxd4 17. Nxd4 Nxe5 18. Rxa8 Bxa8 19. Be3 Nxd3 20. Qxd3 e5 21. Rd1 exd4 22. Bxd4 Qd5 0-1

[Event "Ruhrgebiet VK2 0910"]
[Site "Ruhrgebiet"]
[Date "2010.01.10"]
[Round "5.8"]
[White "Metzner, Carsten"]
[Black "Meyer, Friedel"]
[Result "1-0"]
[WhiteElo "1794"]
[BlackElo "1824"]
[PlyCount "103"]
[EventDate "2009.09.06"]
[EventType "team"]
[EventRounds "9"]
[EventCountry "GER"]
[SourceTitle "EXT 2011"]
[Source "ChessBase"]
[SourceDate "2010.11.26"]
[SourceVersion "1"]
[SourceVersionDate "2010.11.26"]
[SourceQuality "1"]
[WhiteTeam "Altenessen"]
[BlackTeam "Muelheim"]
[WhiteTeamCountry "GER"]
[BlackTeamCountry "GER"]

1. e4 c5 2. Nf3 d6 3. d4 cxd4 4. Nxd4 Nf6 5. Nc3 a6 6. Be3 e5 7. Nb3 Be6 8. Nd5 Nbd7 9. f3 Rc8 10. c4 Bxd5 11. cxd5 Be7 12. Bd3 Nh5 13. Qd2 h6 14. 0-0 Bg5 15. Rac1 Bxe3+ 16. Qxe3 Nf4 17. Rxc8 Qxc8 18. Rc1 Qd8 19. Bf1 0-0 20. Qa7 Qb8 21. Qxb8 Nxb8 22. g3 Ng6 23. Rc7 b6 24. Rb7 b5 25. Rb6 Ne7 26. Na5 Rc8 27. Rxd6 Kf8 28. Bh3 Rc1+ 29. Kf2 Ke8 30. Rb6 Nd7 31. Rb7 f5 32. d6 Rc2+ 33. Kg1 Rc1+ 34. Bf1 Nc8 35. Rc7 Rxc7 36. dxc7 fxe4 37. fxe4 Ke7 38. Nb7 Ncb6 39. Bh3 Nc8 40. Kf2 g5 41. Ke3 h5 42. Bf5 Ndb6 43. Kd3 Kf6 44. Kc2 Ne7 45. Nd6 Nxf5 46. exf5 Ke7 47. c8Q Nxc8 48. Nxc8+ Kf6 49. Nd6 e4 50. Kd2 Ke5 51. Nxe4 Kxf5 52. Nf2 1-0

[Event "Ruhrgebiet VK1 0405"]
[Site "Ruhrgebiet"]
[Date "2004.10.10"]
[Round "2.8"]
[White "Blank, Stephan"]
[Black "Metzner, Carsten"]
[Result "0-1"]
[WhiteElo "1734"]
[BlackElo "1685"]
[PlyCount "86"]
[EventDate "2004.09.12"]
[EventType "team"]
[EventRounds "9"]
[EventCountry "GER"]
[SourceTitle "EXT 2006"]
[Source "ChessBase"]
[SourceDate "2005.11.24"]
[SourceVersion "1"]
[SourceVersionDate "2005.11.24"]
[SourceQuality "1"]
[WhiteTeam "Essen Werden"]
[BlackTeam "Altenessen II"]
[WhiteTeamCountry "GER"]
[BlackTeamCountry "GER"]

1. e4 c5 2. Nf3 e6 3. d4 cxd4 4. Nxd4 a6 5. Nc3 d6 6. Bc4 Nf6 7. f3 Be7 8. Be3 Qc7 9. Bb3 Nc6 10. Nxc6 bxc6 11. f4 c5 12. Ba4+ Bd7 13. Bxd7+ Nxd7 14. 0-0 0-0 15. Rf3 f5 16. exf5 Rxf5 17. g4 Rf7 18. Ne4 Qb7 19. Nd2 Qxb2 20. Nc4 Qb8 21. Rh3 d5 22. Qd3 g6 23. Rf1 Qb5 24. Ne5 Nxe5 25. fxe5 Rxf1+ 26. Kxf1 Qxd3+ 27. cxd3 Rb8 28. Rf3 Rb1+ 29. Kg2 Rb2+ 30. Rf2 Rxf2+ 31. Kxf2 Kf7 32. Ke2 Ke8 33. Kd2 Kd7 34. Kc2 Kc6 35. Kb3 d4 36. Bf4 Kd5 37. Bg3 Bd8 38. h4 Bc7 39. Ka4 c4 40. dxc4+ Kxc4 41. a3 d3 42. Bf4 Bxe5 43. Bd2 Bc3 0-1

[Event "Duisburg Grossenbaum op"]
[Site "Duisburg"]
[Date "2004.05.29"]
[Round "2"]
[White "Mussgnug, Oliver"]
[Black "Metzner, Carsten"]
[Result "1/2-1/2"]
[WhiteElo "2068"]
[BlackElo "1623"]
[PlyCount "85"]
[EventDate "2004.05.28"]
[EventType "swiss"]
[EventRounds "7"]
[EventCountry "GER"]
[SourceTitle "EXT 2006"]
[Source "ChessBase"]
[SourceDate "2005.11.24"]
[SourceVersion "1"]
[SourceVersionDate "2005.11.24"]
[SourceQuality "1"]

1. e4 c5 2. Nf3 e6 3. d4 cxd4 4. Nxd4 a6 5. Bd3 d6 6. Nc3 Nf6 7. g4 h6 8. h4 b5 9. Rg1 Bb7 10. g5 hxg5 11. hxg5 Nfd7 12. g6 Nc5 13. gxf7+ Kxf7 14. Qg4 Qf6 15. Nf3 Nbd7 16. Bg5 Ne5 17. Nxe5+ Qxe5 18. Be3 b4 19. Qg6+ Ke7 20. Ne2 Bxe4 21. Bg5+ Kd7 22. Qf7+ Kc6 23. Bxe4+ Nxe4 24. Be3 Nc5 25. Nd4+ Kb6 26. Nxe6 Ra7 27. Qe8 g6 28. Qd8+ Kb5 29. a4+ bxa3 30. Nd4+ Kc4 31. b3+ Kd5 32. c4+ Ke4 33. 0-0-0 Nxb3+ 34. Kc2 Nxd4+ 35. Rxd4+ Kf3 36. Rg3+ Ke2 37. Rd2+ Kf1 38. Rd1+ Ke2 39. Rd2+ Kf1 40. Qb8 Qe4+ 41. Rd3 Rb7 42. Qxb7 Qxb7 43. Rd1+ 1/2-1/2

[Event "Duisburg Grossenbaum op"]
[Site "Duisburg"]
[Date "2004.05.28"]
[Round "1"]
[White "Metzner, Carsten"]
[Black "Rezasade, Amir"]
[Result "1/2-1/2"]
[WhiteElo "1623"]
[BlackElo "2115"]
[PlyCount "62"]
[EventDate "2004.05.28"]
[EventType "swiss"]
[EventRounds "7"]
[EventCountry "GER"]
[SourceTitle "EXT 2006"]
[Source "ChessBase"]
[SourceDate "2005.11.24"]
[SourceVersion "1"]
[SourceVersionDate "2005.11.24"]
[SourceQuality "1"]

1. e4 g6 2. d4 Bg7 3. Nc3 d6 4. Be3 a6 5. Nf3 b5 6. a3 Bb7 7. Qd2 Nd7 8. Be2 e5 9. d5 h6 10. 0-0 Ne7 11. Ne1 g5 12. Nd3 f5 13. f3 f4 14. Bf2 h5 15. a4 bxa4 16. Rxa4 Nb6 17. Ra2 Ng6 18. Nb4 g4 19. fxg4 hxg4 20. Bxa6 Bxa6 21. Nxa6 Rc8 22. Nb5 g3 23. Naxc7+ Rxc7 24. Bxb6 Rxh2 25. Ra8 Rc8 26. Rxc8 Qxc8 27. Nxd6+ Kd7 28. Nxc8 Nh4 29. Qe2 Kxc8 30. Qg4+ Kb8 31. Qxg7 Rxg2+ 1/2-1/2

[Event "Ruhrgebiet VK3 0304"]
[Site "Ruhrgebiet"]
[Date "2004.02.08"]
[Round "6.8"]
[White "Metzner, Carsten"]
[Black "Brand, Thomas"]
[Result "1-0"]
[WhiteElo "1618"]
[BlackElo "1714"]
[PlyCount "83"]
[EventDate "2003.09.28"]
[EventType "team"]
[EventRounds "9"]
[EventCountry "GER"]
[SourceTitle "EXT 2007"]
[Source "ChessBase"]
[SourceDate "2006.11.23"]
[SourceVersion "1"]
[SourceVersionDate "2006.11.23"]
[SourceQuality "1"]
[WhiteTeam "Altenessen II"]
[BlackTeam "Brackel II"]
[WhiteTeamCountry "GER"]
[BlackTeamCountry "GER"]

1. e4 b6 2. d4 e6 3. c4 Bb7 4. Bd3 Nf6 5. d5 c5 6. Nc3 Be7 7. e5 Ng8 8. Qg4 g6 9. Nb5 Na6 10. Nd6+ Bxd6 11. exd6 Nb4 12. Bb1 Nf6 13. Qe2 0-0 14. a3 Nbxd5 15. cxd5 exd5 16. Qd1 Re8+ 17. Ne2 d4 18. 0-0 a5 19. Bg5 Kg7 20. Qd2 Re6 21. Ba2 Rxd6 22. Qf4 Rc6 23. Ng3 d5 24. Rfe1 Qd6 25. Re5 d3 26. Qxf6+ Qxf6 27. Bxf6+ Rxf6 28. Bxd5 Bxd5 29. Rxd5 c4 30. Rc1 Rc8 31. Rxd3 cxd3 32. Rxc8 Rd6 33. Rc1 f5 34. Rd1 Kf6 35. Kf1 Ke5 36. Ke1 f4 37. Nh1 Kd4 38. Kd2 Rd5 39. f3 Re5 40. Re1 Re3 41. Nf2 h5 42. Nd1 1-0

[Event "Heisinger Winter op 3rd"]
[Site "Essen Heisingen"]
[Date "2003.01.16"]
[Round "4"]
[White "Mazarov, Juergen"]
[Black "Metzner, Carsten"]
[Result "1-0"]
[WhiteElo "1600"]
[BlackElo "1597"]
[PlyCount "105"]
[EventDate "2003.01.07"]
[EventType "swiss"]
[EventRounds "7"]
[EventCountry "GER"]
[SourceTitle "EXT 2004"]
[Source "ChessBase"]
[SourceDate "2003.11.25"]
[SourceVersion "1"]
[SourceVersionDate "2003.11.25"]
[SourceQuality "1"]

1. e4 c5 2. Nf3 e6 3. d4 cxd4 4. Nxd4 a6 5. Nc3 d6 6. Be3 Nd7 7. Qd2 Ngf6 8. f3 b5 9. 0-0-0 Qc7 10. g4 Nc5 11. g5 Nh5 12. f4 b4 13. Nce2 Nxe4 14. Qxb4 Bd7 15. Bg2 d5 16. Qe1 Rb8 17. Bxe4 dxe4 18. Qc3 Qb7 19. Qb3 Qa8 20. Qc3 Bb4 21. Qc4 0-0 22. Ng3 g6 23. Nxh5 gxh5 24. Nf5 exf5 25. Rxd7 Rb7 26. Rhd1 Rxd7 27. Rxd7 Qc8 28. Qxc8 Rxc8 29. Rd5 h6 30. Rxf5 Rc6 31. Re5 Re6 32. Rxe6 fxe6 33. c3 Bd6 34. h4 hxg5 35. fxg5 Bg3 36. b4 Bxh4 37. a4 Bg3 38. Kd1 h4 39. Ke2 Kf7 40. b5 axb5 41. axb5 Ke7 42. c4 h3 43. Kf1 Be5 44. c5 Kd7 45. c6+ Kc7 46. g6 Bg7 47. Kg1 Be5 48. Kh1 h2 49. Kg2 Kb8 50. Bf4 Bxf4 51. g7 e3 52. g8Q+ Kc7 53. Qxe6 1-0

[Event "Heisinger Winter op 3rd"]
[Site "Essen Heisingen"]
[Date "2003.01.09"]
[Round "2"]
[White "Hoerning, Hans Juergen"]
[Black "Metzner, Carsten"]
[Result "0-1"]
[WhiteElo "1151"]
[BlackElo "1597"]
[PlyCount "84"]
[EventDate "2003.01.07"]
[EventType "swiss"]
[EventRounds "7"]
[EventCountry "GER"]
[SourceTitle "EXT 2004"]
[Source "ChessBase"]
[SourceDate "2003.11.25"]
[SourceVersion "1"]
[SourceVersionDate "2003.11.25"]
[SourceQuality "1"]

1. e4 c5 2. Nf3 d6 3. c3 Nf6 4. d3 e6 5. c4 g6 6. Nc3 Bg7 7. Be2 0-0 8. 0-0 a6 9. Qc2 Nc6 10. a3 Rb8 11. Be3 h6 12. Rfd1 b5 13. b3 Ng4 14. Bd2 b4 15. h3 bxc3 16. Bxc3 Nf6 17. Rab1 e5 18. Bf1 Kh7 19. Qd2 Nh5 20. g3 f5 21. Bg2 Be6 22. Re1 Nd4 23. Bxd4 cxd4 24. Rec1 Rb7 25. b4 fxe4 26. dxe4 Qd7 27. Kh2 Rc7 28. Qd3 Rfc8 29. Nd2 Qf7 30. Kg1 Bxc4 31. Nxc4 Rxc4 32. Rf1 R8c6 33. Qb3 Qc7 34. Rbd1 Rc1 35. Bf3 R1c3 36. Qa2 Rxf3 37. Kg2 Rcc3 38. Qb2 Qf7 39. Rd2 Nxg3 40. Re1 Nh5 41. Rf1 Rxh3 42. Rdd1 Qf3+ 0-1